[Event "Caxambu op"]
[Site "Caxambu"]
[Date "2023.07.22"]
[Round "5"]
[White "Paula Pinto, Mateus Arsenio"]
[Black "De Almeida, Cleber Santos"]
[Result "1/2-1/2"]
[WhiteElo "1555"]
[BlackElo "1884"]
[PlyCount "67"]
[EventDate "2023.07.20"]
[EventType "swiss"]
[EventRounds "7"]
[EventCountry "BRA"]
[SourceTitle "CBM 215 Extra"]
[Source "ChessBase"]
[SourceDate "2023.09.30"]
[SourceVersion "1"]
[SourceVersionDate "2023.09.30"]
[SourceQuality "1"]

1. d4 d5 2. c4 e6 3. Nf3 Nf6 4. g3 Be7 5. Bg2 0-0 6. 0-0 Nbd7 7. b3 b6 8. Bb2 Bb7 9. Nbd2 c5 10. e3 dxc4 11. Nxc4 cxd4 12. Nxd4 Bxg2 13. Kxg2 Qc7 14. Rc1 Qb7+ 15. Qf3 Ne4 16. Rfd1 Ndf6 17. Nb5 Nd5 18. h4 Rfd8 19. Kg1 Ndf6 20. Ne5 Rxd1+ 21. Rxd1 Rd8 22. Rxd8+ Bxd8 23. Nd4 Be7 24. g4 Bd6 25. Ndc6 h6 26. Nd8 Qa6 27. Nexf7 Qd3 28. Nxh6+ gxh6 29. Bxf6 Nxf6 30. Qxf6 Qd1+ 31. Kg2 Qxg4+ 32. Kf1 Qd1+ 33. Kg2 Qg4+ 34. Kf1 1/2-1/2

[Event "Caxambu op"]
[Site "Caxambu"]
[Date "2023.07.21"]
[Round "2"]
[White "De Almeida, Cleber Santos"]
[Black "Lima, Stefan Moisei Vieir"]
[Result "0-1"]
[WhiteElo "1884"]
[BlackElo "2119"]
[PlyCount "96"]
[EventDate "2023.07.20"]
[EventType "swiss"]
[EventRounds "7"]
[EventCountry "BRA"]
[SourceTitle "CBM 215 Extra"]
[Source "ChessBase"]
[SourceDate "2023.09.30"]
[SourceVersion "1"]
[SourceVersionDate "2023.09.30"]
[SourceQuality "1"]

1. e4 d6 2. d4 Nf6 3. Nc3 Nbd7 4. Bg5 e5 5. Nf3 c6 6. Qd2 Be7 7. 0-0-0 Qc7 8. h3 b5 9. Bxf6 Bxf6 10. dxe5 dxe5 11. Qd6 Qb6 12. Rd2 Be7 13. Qd3 Nc5 14. Qe3 b4 15. Nd1 f6 16. Bc4 Be6 17. Qe2 Bxc4 18. Qxc4 Qa6 19. Ne3 Qxc4 20. Nxc4 Nxe4 21. Re2 Nd6 22. Nfd2 Nxc4 23. Nxc4 0-0-0 24. b3 Bc5 25. g3 Rd4 26. Rhe1 Rhd8 27. Ne3 Re4 28. Nc4 Rxe2 29. Rxe2 Bd4 30. Nd2 f5 31. Nc4 e4 32. Nd2 Kc7 33. Nc4 g6 34. Nd2 Bc3 35. Nb1 Bg7 36. c3 Bxc3 37. Nxc3 bxc3 38. f3 exf3 39. Rf2 Rd3 40. g4 f4 41. h4 Kd6 42. Kc2 Re3 43. Rf1 Ke5 44. a3 Ke4 45. b4 Kd4 46. Kb3 Kd3 47. Rf2 Ke4 48. Rf1 Re2 0-1

[Event "Caxambu op"]
[Site "Caxambu"]
[Date "2023.07.21"]
[Round "3"]
[White "Olivo, Anibal Ribeiro"]
[Black "De Almeida, Cleber Santos"]
[Result "0-1"]
[WhiteElo "1508"]
[BlackElo "1884"]
[PlyCount "54"]
[EventDate "2023.07.20"]
[EventType "swiss"]
[EventRounds "7"]
[EventCountry "BRA"]
[SourceTitle "CBM 215 Extra"]
[Source "ChessBase"]
[SourceDate "2023.09.30"]
[SourceVersion "1"]
[SourceVersionDate "2023.09.30"]
[SourceQuality "1"]

1. e4 c5 2. Nf3 d6 3. d4 cxd4 4. Nxd4 Nf6 5. Nc3 g6 6. Be3 Bg7 7. f3 0-0 8. Qd2 Nc6 9. 0-0-0 d5 10. exd5 Nxd5 11. Nxc6 bxc6 12. Bd4 e5 13. Bc5 Be6 14. Bc4 Nxc3 15. Qxc3 Qg5+ 16. Kb1 Rfd8 17. Bxe6 fxe6 18. Qc4 Rd5 19. Rxd5 exd5 20. Qe2 Rb8 21. Ba3 e4 22. fxe4 Qe5 23. c3 Qxc3 24. b3 Qa1+ 25. Kc2 Qxa2+ 26. Kd1 Qxb3+ 27. Ke1 Bc3+ 0-1

[Event "Praia do Morro Guarapari op"]
[Site "Praia do Morro"]
[Date "2017.04.16"]
[Round "6"]
[White "Silva Ribeiro, Robson"]
[Black "De Almeida, Cleber Santos"]
[Result "0-1"]
[WhiteElo "1800"]
[BlackElo "1851"]
[PlyCount "52"]
[EventDate "2017.04.14"]
[EventType "swiss"]
[EventRounds "6"]
[EventCountry "BRA"]
[SourceTitle "CBM 177 Extra"]
[Source "ChessBase"]
[SourceDate "2017.04.27"]
[SourceVersion "1"]
[SourceVersionDate "2017.04.27"]
[SourceQuality "1"]

1. d4 d5 2. Nf3 Nf6 3. e3 Bf5 4. Be2 Nbd7 5. 0-0 e6 6. b3 Be7 7. Bb2 0-0 8. Nbd2 c6 9. Nh4 Bg6 10. Nxg6 hxg6 11. Nf3 Ne4 12. Rc1 Kh7 13. c4 Rh8 14. Bd3 Nd6 15. Ne5 Nxe5 16. dxe5 Nf5 17. e4 dxe4 18. Bxe4 Qb6 19. Qf3 Rad8 20. Rcd1 Rxd1 21. Rxd1 Rd8 22. Rxd8 Qxd8 23. Qd3 Qa5 24. Qb1 Bc5 25. g3 Qd2 26. Bxf5 Qxf2+ 0-1

[Event "Praia do Morro Guarapari op"]
[Site "Praia do Morro"]
[Date "2017.04.15"]
[Round "4"]
[White "De Almeida, Cleber Santos"]
[Black "Santos, Ary Barbosa"]
[Result "1/2-1/2"]
[WhiteElo "1851"]
[BlackElo "1701"]
[PlyCount "139"]
[EventDate "2017.04.14"]
[EventType "swiss"]
[EventRounds "6"]
[EventCountry "BRA"]
[SourceTitle "CBM 177 Extra"]
[Source "ChessBase"]
[SourceDate "2017.04.27"]
[SourceVersion "1"]
[SourceVersionDate "2017.04.27"]
[SourceQuality "1"]

1. e4 c5 2. Nf3 e6 3. d4 cxd4 4. Nxd4 Nc6 5. Be3 Qc7 6. Nb5 Qb8 7. N1c3 a6 8. Nd4 Bb4 9. Qd2 Nf6 10. f3 0-0 11. a3 Be7 12. Be2 d5 13. exd5 exd5 14. 0-0-0 Be6 15. g4 Nxd4 16. Bxd4 Rd8 17. h4 b5 18. Na2 a5 19. Qd3 b4 20. a4 Rc8 21. b3 Bc5 22. Bxc5 Rxc5 23. Qe3 Qa7 24. Qd4 Qc7 25. Bd3 Rc8 26. Rd2 Nd7 27. Re2 Qd6 28. g5 Nb6 29. Kb1 Bd7 30. h5 Nxa4 31. g6 fxg6 32. hxg6 h6 33. Reh2 Rf8 34. bxa4 b3 35. cxb3 Qb6 36. Qb2 Rxf3 37. Rxh6 gxh6 38. Rxh6 Qf6 39. Qxf6 Rxf6 40. Rh5 Rf3 41. Bc2 Rf2 42. Bd3 Rd2 43. Nc1 Rd1 44. Bc2 Rf1 45. g7 Be6 46. Re5 Bf7 47. Kb2 Rf2 48. Ne2 Kxg7 49. Bd3 Kf6 50. Re3 d4 51. Re4 Bg6 52. Rf4+ Rxf4 53. Nxf4 Bxd3 54. Nxd3 Rh5 55. b4 Rh2+ 56. Kb3 axb4 57. Kxb4 Rc2 58. a5 Rc3 59. a6 Rc8 60. Kb5 Kf5 61. a7 Ke4 62. Nc5+ Kd5 63. Nd7 Ke4 64. Nb6 Rh8 65. Nd7 Ra8 66. Kb6 d3 67. Nc5+ Kd4 68. Nxd3 Kxd3 69. Kb7 Rxa7+ 70. Kxa7 1/2-1/2

[Event "Belo Horizonte Mineiro-ch"]
[Site "Belo Horizonte"]
[Date "2015.11.21"]
[Round "4"]
[White "De Almeida, Cleber Santos"]
[Black "Lage, Renan Ribeiro"]
[Result "0-1"]
[WhiteElo "1904"]
[BlackElo "1923"]
[PlyCount "118"]
[EventDate "2015.11.20"]
[EventType "swiss"]
[EventRounds "6"]
[EventCountry "BRA"]
[SourceTitle "CBM 169 Extra"]
[Source "ChessBase"]
[SourceDate "2015.12.18"]
[SourceVersion "1"]
[SourceVersionDate "2015.12.18"]
[SourceQuality "1"]

1. e4 c5 2. Nf3 d6 3. d4 cxd4 4. Nxd4 Nf6 5. Nc3 a6 6. Bd3 Nc6 7. Nb3 e6 8. a3 Be7 9. Be3 Qc7 10. Na4 0-0 11. 0-0 b5 12. Nb6 Rb8 13. Nxc8 Rfxc8 14. c3 Ne5 15. Bb1 Nc4 16. Bc1 a5 17. a4 b4 18. Nd4 bxc3 19. bxc3 Rb6 20. Nb5 Qb7 21. Qe2 d5 22. exd5 Nxd5 23. Bd3 Nd6 24. c4 Nb4 25. Be3 Nxd3 26. Qxd3 Ra6 27. Rfc1 Nf5 28. Bf4 h6 29. Rc2 Rd8 30. Qe2 Bc5 31. Rd1 Rxd1+ 32. Qxd1 Ra8 33. Rd2 Qe4 34. Bd6 Bxd6 35. Nxd6 Nxd6 36. Rxd6 Qxc4 37. h3 Rc8 38. Rd8+ Kh7 39. Qb1+ g6 40. Rxc8 Qxc8 41. Qd1 Qc3 42. g3 Kg7 43. Qd7 e5 44. Qd5 Qa1+ 45. Kg2 Qxa4 46. Qxe5+ Kh7 47. Qd5 Kg8 48. h4 h5 49. Qd8+ Kg7 50. Qe7 Qa1 51. Kf3 Qf6+ 52. Qxf6+ Kxf6 53. Ke4 a4 54. Kd4 a3 55. Kc3 Kf5 56. f3 a2 57. Kb2 Ke5 58. Kxa2 Kd4 59. Kb3 Ke3 0-1